| 000 | 00729nam a22002057a 4500 | ||
|---|---|---|---|
| 005 | 20100812122136.0 | ||
| 010 | _aENG-100036 | ||
| 020 |
_a9789380024684 _c80.00 |
||
| 035 | _aEN-83568 | ||
| 037 | _bDBAD/PUB | ||
| 082 | _a005.1 | ||
| 100 |
_aValarmathi, R. _911646 |
||
| 245 |
_aDesign and analysis of alogrithms / _cby R. Valarmathi |
||
| 260 |
_aErode _bPallavi Publications S. India _c2009 |
||
| 270 |
_a194, Kanna Complex, Methur Road _bErode _e11 |
||
| 300 |
_a104p.: _bill. _c20cm (pbk) |
||
| 650 |
_aComputer algorithms _911647 |
||
| 942 |
_2ddc _cEN _h005.1 _mVAL |
||
| 999 |
_c41293 _d41293 |
||